Estatísticas para TABUADA DO 4

Clique aqui para jogar o quiz

Estatísticas Gerais

  • Esse quiz foi jogado 89 vezes
  • A pontuação média é 21 de 21

Estatísticas das Respostas

HintResposta% Correto
4X312
100%
4X416
100%
4X520
100%
4X624
100%
4X728
100%
4X832
100%
4X936
100%
4X14
100%
4X1040
100%
4X1248
100%
4X28
100%
4X00
99%
4X1144
99%
4X1352
99%
4X1456
97%
4X1560
97%
4X1664
96%
4X1768
96%
4X1872
94%
4X1976
91%
4X2080
89%

Distribuição das Pontuações

Percentil de Números Respondidos

Porcentagem de Pessoas com Cada Pontuação

Sua Pontuação Histórica

Você não jogou esse quiz